[Event "Oberliga Ost B"]
[Site "?"]
[Date "2022.04.02"]
[Round "10.8"]
[White "Schmidt, Daniel"]
[Black "Jung, Kenny"]
[Result "1-0"]
[WhiteElo "1865"]
[BlackElo "1480"]
[PlyCount "109"]
[EventDate "2021.10.10"]
[EventType "team-tourn"]
[EventCountry "GER"]
[WhiteTeam "Stadtilm SG BW"]
[BlackTeam "Schoeneck SF"]
[WhiteTeamCountry "GER"]
[BlackTeamCountry "GER"]

1. c4 f5 2. Nc3 Nf6 3. g3 d6 4. Bg2 g6 5. d3 Bg7 6. Nf3 e5 7. O-O Nc6 8. Nd5
O-O 9. Bg5 h6 10. Nxf6+ Bxf6 11. Bxh6 Rf7 12. h4 Rh7 13. Bg5 Kg7 14. Qd2 Bd7
15. Bxf6+ Qxf6 16. Ng5 Rh6 17. f4 Re8 18. e4 exf4 19. Rxf4 Qd4+ 20. Kh1 Ne5 21.
exf5 Qxd3 22. f6+ Kf8 23. Qxd3 Nxd3 24. Rff1 Re3 25. Rf3 Rxf3 26. Bxf3 Ne5 27.
Bxb7 Nf7 28. Nxf7 Kxf7 29. Bd5+ Kxf6 30. Rf1+ Ke7 31. Rf7+ Kd8 32. Rg7 c6 33.
Be4 g5 34. Rg8+ Kc7 35. Rxg5 Re6 36. Bf5 Re1+ 37. Kg2 Be8 38. Rg7+ Kb6 39. Bg4
Rb1 40. Re7 Rxb2+ 41. Re2 Rxe2+ 42. Bxe2 Kc5 43. Kf3 Bf7 44. Ke3 d5 45. cxd5
Kxd5 46. a3 Ke5 47. g4 c5 48. Bd1 Bg6 49. h5 Bf7 50. Bc2 Kf6 51. h6 Be8 52. g5+
Kf7 53. g6+ Kf6 54. g7 Bf7 55. Bh7 1-0

[Event "Oberliga Ost B"]
[Site "?"]
[Date "2022.04.03"]
[Round "11.2"]
[White "Reucker, Friedrich"]
[Black "Grabarczyk, Bogdan"]
[Result "0-1"]
[WhiteElo "1981"]
[BlackElo "2380"]
[PlyCount "54"]
[EventDate "2021.10.10"]
[EventType "team-tourn"]
[EventCountry "GER"]
[WhiteTeam "Erfurt SV Empor"]
[BlackTeam "Griesheim SV"]
[WhiteTeamCountry "GER"]
[BlackTeamCountry "GER"]

1. Nf3 d5 2. b3 c5 3. e3 Nf6 4. Bb2 g6 5. d4 Bg7 6. Be2 O-O 7. O-O cxd4 8. exd4
Nc6 9. Nbd2 Bf5 10. Rc1 Rc8 11. a3 Ne4 12. c4 Nxd2 13. Qxd2 Na5 14. Qe3 Qb6 15.
Nd2 dxc4 16. b4 Be6 17. Rc2 Nc6 18. Nxc4 Qd8 19. Rd2 Nxb4 20. axb4 Bxc4 21.
Rfd1 Bd5 22. b5 e6 23. Ba3 Re8 24. Bc5 b6 25. Bb4 Qd7 26. Qa3 Bh6 27. Rb2 Bc1
0-1

[Event "Oberliga Ost B"]
[Site "?"]
[Date "2022.04.03"]
[Round "11.3"]
[White "Spitzl, Vinzent"]
[Black "Heinke, Jasper"]
[Result "1/2-1/2"]
[WhiteElo "2319"]
[BlackElo "2034"]
[PlyCount "92"]
[EventDate "2021.10.10"]
[EventType "team-tourn"]
[EventCountry "GER"]
[WhiteTeam "Griesheim SV"]
[BlackTeam "Erfurt SV Empor"]
[WhiteTeamCountry "GER"]
[BlackTeamCountry "GER"]

1. d4 Nf6 2. Nf3 e6 3. g3 d5 4. Bg2 Be7 5. O-O O-O 6. c4 dxc4 7. Qc2 a6 8. a4
Bd7 9. Qxc4 Bc6 10. Bg5 Bd5 11. Qc2 Be4 12. Qc4 Bd5 13. Qc1 Nc6 14. e3 Na5 15.
Nbd2 Ne4 16. Bxe7 Qxe7 17. Nxe4 Bxe4 18. Qc3 Nc6 19. a5 Rfd8 20. Rfc1 Rac8 21.
Ra4 Na7 22. Qe1 Nb5 23. Qe2 h6 24. Bf1 Bxf3 25. Qxf3 c6 26. Rac4 e5 27. dxe5
Qxe5 28. b4 Qd5 29. Qf4 Qd6 30. Be2 Qxf4 31. Rxf4 Rd2 32. Bc4 Rc7 33. h4 g6 34.
Kf1 Na3 35. Bb3 Rb2 36. Bd1 Rd7 37. Bg4 f5 38. Bf3 Rdd2 39. Bxc6 bxc6 40. Rxc6
Kf7 41. h5 Nc2 42. hxg6+ Ke7 43. Rc7+ Kf6 44. Rc6+ Ke7 45. Rc7+ Kf6 46. Rc6+
Ke7 1/2-1/2

[Event "Oberliga Ost B"]
[Site "?"]
[Date "2022.04.03"]
[Round "11.5"]
[White "Koehler, Ronald"]
[Black "Rudnizki, Sergej"]
[Result "1/2-1/2"]
[WhiteElo "2182"]
[BlackElo "2132"]
[PlyCount "33"]
[EventDate "2021.10.10"]
[EventType "team-tourn"]
[EventCountry "GER"]
[WhiteTeam "Griesheim SV"]
[BlackTeam "Erfurt SV Empor"]
[WhiteTeamCountry "GER"]
[BlackTeamCountry "GER"]

1. d4 Nf6 2. c4 g6 3. Nc3 Bg7 4. e4 d6 5. f4 O-O 6. Nf3 c5 7. d5 Bg4 8. Be2 e6
9. O-O exd5 10. cxd5 Re8 11. h3 Bxf3 12. Bxf3 Na6 13. Re1 Nd7 14. Be3 Rb8 15.
a4 Nb4 16. Re2 a6 17. a5 1/2-1/2

[Event "Oberliga Ost B"]
[Site "?"]
[Date "2022.04.03"]
[Round "11.6"]
[White "Berner, Stephan"]
[Black "Nothnagel, Markus"]
[Result "1/2-1/2"]
[WhiteElo "1937"]
[BlackElo "2202"]
[PlyCount "27"]
[EventDate "2021.10.10"]
[EventType "team-tourn"]
[EventCountry "GER"]
[WhiteTeam "Erfurt SV Empor"]
[BlackTeam "Griesheim SV"]
[WhiteTeamCountry "GER"]
[BlackTeamCountry "GER"]

1. e4 e6 2. d4 d5 3. Nd2 Nf6 4. e5 Nfd7 5. Bd3 c5 6. c3 b6 7. Ne2 Ba6 8. Bxa6
Nxa6 9. O-O Be7 10. Nf4 g6 11. Nf3 b5 12. Qe2 Qb6 13. Be3 c4 14. a3 1/2-1/2

[Event "Oberliga Ost B"]
[Site "?"]
[Date "2022.04.03"]
[Round "11.7"]
[White "Hahn, Werner"]
[Black "Pichl, Michael"]
[Result "1-0"]
[WhiteElo "2177"]
[BlackElo "1934"]
[PlyCount "51"]
[EventDate "2021.10.10"]
[EventType "team-tourn"]
[EventCountry "GER"]
[WhiteTeam "Griesheim SV"]
[BlackTeam "Erfurt SV Empor"]
[WhiteTeamCountry "GER"]
[BlackTeamCountry "GER"]

1. d4 c5 2. d5 e5 3. Nc3 d6 4. e4 a6 5. a4 Be7 6. Nf3 Bg4 7. Be2 Bxf3 8. Bxf3
Bg5 9. O-O Bxc1 10. Qxc1 Nf6 11. g3 O-O 12. Bg2 Ne8 13. f4 Nd7 14. Ra3 Rb8 15.
a5 c4 16. Kh1 b5 17. axb6 Qxb6 18. Nd1 Nc7 19. Rc3 Qb4 20. Ne3 Nb6 21. fxe5 Nb5
22. Nf5 Kh8 23. Nxg7 Nxc3 24. Qh6 Nd7 25. Nh5 Rg8 26. Rxf7 1-0

[Event "Oberliga Ost B"]
[Site "?"]
[Date "2022.04.03"]
[Round "11.8"]
[White "Hoeche, Richard"]
[Black "Allmann, Thorsten"]
[Result "0-1"]
[WhiteElo "1531"]
[BlackElo "2117"]
[PlyCount "72"]
[EventDate "2021.10.10"]
[EventType "team-tourn"]
[EventCountry "GER"]
[WhiteTeam "Erfurt SV Empor"]
[BlackTeam "Griesheim SV"]
[WhiteTeamCountry "GER"]
[BlackTeamCountry "GER"]

1. e4 e6 2. Nc3 d5 3. Nf3 Nf6 4. e5 Nfd7 5. d4 a6 6. Bd3 Be7 7. Bf4 c5 8. dxc5
Nc6 9. a3 Nxc5 10. b4 Nxd3+ 11. Qxd3 Qc7 12. O-O Bd7 13. Rfc1 O-O 14. Ne2 Rac8
15. c4 dxc4 16. Qxc4 b5 17. Qe4 Qa7 18. Be3 Qa8 19. Bc5 Qb8 20. Ned4 Rfd8 21.
h4 h6 22. Nb3 Be8 23. Rd1 Rxd1+ 24. Rxd1 Rd8 25. Rd3 Rxd3 26. Qxd3 Bxc5 27.
Nxc5 a5 28. Qd6 Qa8 29. Nd7 Bxd7 30. Qxd7 axb4 31. axb4 Nxb4 32. Qxb5 Nd5 33.
Qc4 Qa1+ 34. Kh2 Qa7 35. Kg3 Ne7 36. Nd4 Qxd4 0-1

[Event "Oberliga Ost B"]
[Site "?"]
[Date "2022.04.03"]
[Round "11.1"]
[White "Geske, Julian"]
[Black "Wehner, Janis"]
[Result "1-0"]
[WhiteElo "2374"]
[BlackElo "2135"]
[PlyCount "95"]
[EventDate "2021.10.10"]
[EventType "team-tourn"]
[EventCountry "GER"]
[WhiteTeam "Wiesbadener SV"]
[BlackTeam "Erfurt SV Medizin"]
[WhiteTeamCountry "GER"]
[BlackTeamCountry "GER"]

{[%evp 0,46,16,28,28,-21,45,54,37,37,37,24,10,10,34,7,20,19,25,28,36,35,50,60,
62,61,65,40,48,43,41,26,52,15,22,20,45,14,23,20,49,37,48,-17,33,29,1,25,16]} 1.
d4 Nf6 2. c4 g6 3. Nc3 Bg7 4. e4 d6 5. f3 O-O 6. Be3 c5 7. Nge2 cxd4 8. Nxd4
Nc6 9. Be2 Nxd4 10. Bxd4 a5 11. O-O Be6 12. Nd5 Bxd5 13. exd5 Nd7 14. Bxg7 Kxg7
15. Qd2 a4 16. f4 Qa5 17. Qd4+ Kg8 18. Kh1 Qc5 19. Qd2 Nf6 20. f5 Rac8 21. Rf3
b5 22. fxg6 fxg6 23. cxb5 Qxd5 24. Qxd5+ Nxd5 25. b3 axb3 26. Rxb3 Nb6 27. h3
Rf4 28. Bg4 Ra8 29. Rc1 h5 30. Bf3 Rxa2 31. Rc6 Nc4 32. Rc8+ Kg7 33. b6 Nxb6
34. Rxb6 Ra1+ 35. Kh2 h4 36. Rcb8 Rc4 37. Rb1 Rc1 38. Rxa1 Rxa1 39. Rb5 Kf6 40.
Rd5 Ra6 41. Kg1 e6 42. Rd4 g5 43. Kf2 d5 44. Ke3 Ra3+ 45. Rd3 Ra4 46. Rb3 Ke5
47. Rb6 Kf6 48. Bxd5 1-0

[Event "Oberliga Ost B"]
[Site "?"]
[Date "2022.04.03"]
[Round "11.3"]
[White "Dubkov, Andrej"]
[Black "Holzschuh, Stephan"]
[Result "1/2-1/2"]
[WhiteElo "2332"]
[BlackElo "2287"]
[PlyCount "92"]
[EventDate "2021.10.10"]
[EventType "team-tourn"]
[EventCountry "GER"]
[WhiteTeam "Wiesbadener SV"]
[BlackTeam "Erfurt SV Medizin"]
[WhiteTeamCountry "GER"]
[BlackTeamCountry "GER"]

1. d4 c5 2. d5 e5 3. e4 d6 4. Bb5+ Nd7 5. a4 Be7 6. Nf3 a6 7. Be2 Nf8 8. Nc3
Ng6 9. Nd2 f5 10. Nc4 Nf6 11. Bd3 f4 12. a5 f3 13. g3 O-O 14. h4 Bg4 15. Na4
Nh5 16. Ne3 Nxg3 17. Rg1 h5 18. Nxg4 Bxh4 19. Be3 hxg4 20. fxg3 Bg5 21. Bf2
Qxa5+ 22. c3 Qc7 23. Qb3 Rf7 24. Qb6 Nf8 25. Qxc7 Rxc7 26. Nb6 Rd8 27. Nc4 Nh7
28. Be3 b5 29. Bxg5 Nxg5 30. Ne3 c4 31. Bc2 f2+ 32. Kxf2 Nh3+ 33. Ke2 Nxg1+ 34.
Rxg1 a5 35. Ra1 Ra8 36. Nxg4 a4 37. Ne3 g6 38. Bd1 Rh7 39. Kf2 Rh2+ 40. Ng2 Rh1
41. Ne3 Rf8+ 42. Kg2 Re1 43. Ng4 Rff1 44. Ne3 Rf8 45. Ng4 Rff1 46. Ne3 Rf8
1/2-1/2

[Event "Oberliga Ost B"]
[Site "?"]
[Date "2022.04.03"]
[Round "11.4"]
[White "Grund, Sebastian"]
[Black "Bakiev, Diyor"]
[Result "0-1"]
[WhiteElo "1867"]
[BlackElo "2147"]
[PlyCount "88"]
[EventDate "2021.10.10"]
[EventType "team-tourn"]
[EventCountry "GER"]
[WhiteTeam "Erfurt SV Medizin"]
[BlackTeam "Wiesbadener SV"]
[WhiteTeamCountry "GER"]
[BlackTeamCountry "GER"]

1. d4 Nf6 2. Nf3 e6 3. c4 c5 4. d5 exd5 5. cxd5 d6 6. Nc3 g6 7. Nd2 Bg7 8. e4
Nbd7 9. Be2 O-O 10. O-O Re8 11. a4 a6 12. f4 Qc7 13. e5 dxe5 14. Nc4 e4 15. f5
Nb6 16. fxg6 Nxc4 17. gxf7+ Qxf7 18. Bxc4 Bg4 19. Qe1 Qg6 20. Kh1 Kh8 21. Bf4
Nd7 22. Be2 Bf5 23. Qh4 Bf6 24. Qf2 Bd4 25. Be3 Bxe3 26. Qxf5 Rad8 27. Bh5 Qxf5
28. Rxf5 Re5 29. Rxe5 Nxe5 30. Re1 Bd4 31. Rxe4 Nd3 32. Re7 Nxb2 33. Ne4 Rxd5
34. Bf3 Re5 35. Rxe5 Bxe5 36. Nxc5 b6 37. Nxa6 Bd6 38. Bc6 Kg7 39. g4 Kf6 40.
Kg2 Kg5 41. Kf3 Nc4 42. Ke4 Bxh2 43. Bd7 Ne5 44. Nb4 Nxd7 0-1

[Event "Oberliga Ost B"]
[Site "?"]
[Date "2022.04.03"]
[Round "11.5"]
[White "Gottschalk, Jens"]
[Black "Jakob, Matthias"]
[Result "1/2-1/2"]
[WhiteElo "2265"]
[BlackElo "2108"]
[PlyCount "87"]
[EventDate "2021.10.10"]
[EventType "team-tourn"]
[EventCountry "GER"]
[WhiteTeam "Wiesbadener SV"]
[BlackTeam "Erfurt SV Medizin"]
[WhiteTeamCountry "GER"]
[BlackTeamCountry "GER"]

1. d4 Nc6 2. c4 e5 3. d5 Nce7 4. g3 Nf6 5. Bg2 Ng6 6. Nc3 Bc5 7. e4 a5 8. Nf3
d6 9. Qe2 O-O 10. O-O h6 11. h3 Ne8 12. Be3 b6 13. Nd2 f5 14. exf5 Bxf5 15.
Nde4 Qc8 16. Kh2 Nf6 17. Nxf6+ Rxf6 18. Ne4 Rf8 19. Qh5 Qe8 20. Rae1 Ne7 21.
Qxe8 Raxe8 22. Nxc5 bxc5 23. Rc1 Rb8 24. b3 a4 25. Rc3 axb3 26. axb3 Rb7 27.
Bxc5 Rfb8 28. Be3 Rxb3 29. Rxb3 Rxb3 30. Rc1 Bd3 31. g4 e4 32. Kg1 Rb4 33. Bf1
Bxf1 34. Kxf1 Kf7 35. Bd2 Ra4 36. Ke2 c6 37. dxc6 Nxc6 38. Ke3 Ke6 39. Kxe4 d5+
40. Kd3 dxc4+ 41. Ke3 g6 42. f4 Kd5 43. Bc3 Ra3 44. f5 1/2-1/2

[Event "Oberliga Ost B"]
[Site "?"]
[Date "2022.04.03"]
[Round "11.6"]
[White "Nguyen, Ha Thanh"]
[Black "Minor, Samuel"]
[Result "1/2-1/2"]
[WhiteElo "1952"]
[BlackElo "2253"]
[PlyCount "41"]
[EventDate "2021.10.10"]
[EventType "team-tourn"]
[EventCountry "GER"]
[WhiteTeam "Erfurt SV Medizin"]
[BlackTeam "Wiesbadener SV"]
[WhiteTeamCountry "GER"]
[BlackTeamCountry "GER"]

1. e4 c5 2. Nf3 d6 3. d4 cxd4 4. Nxd4 Nf6 5. Nc3 Nc6 6. Bg5 e6 7. Qd2 Qb6 8.
O-O-O a6 9. f3 Be7 10. h4 Qxd4 11. Qxd4 Nxd4 12. Rxd4 Bd7 13. Be2 Bc6 14. Kb1
h6 15. Be3 d5 16. exd5 Nxd5 17. Nxd5 Bxd5 18. h5 Bc5 19. Rxd5 Bxe3 20. Rd3 Bg5
21. Rhd1 1/2-1/2

[Event "Oberliga Ost B"]
[Site "?"]
[Date "2022.04.03"]
[Round "11.7"]
[White "Tuzi, Bruna"]
[Black "Kirschbaum, Gunnar"]
[Result "1-0"]
[WhiteElo "1991"]
[BlackElo "2041"]
[PlyCount "53"]
[EventDate "2021.10.10"]
[EventType "team-tourn"]
[EventCountry "GER"]
[WhiteTeam "Wiesbadener SV"]
[BlackTeam "Erfurt SV Medizin"]
[WhiteTeamCountry "GER"]
[BlackTeamCountry "GER"]

{[%evp 0,53,14,11,19,19,61,46,71,33,37,-10,3,-8,6,11,11,8,11,16,45,36,37,36,36,
36,45,65,64,50,57,56,65,70,85,91,93,61,103,108,110,132,132,115,127,103,153,80,
118,60,100,30,5,0,257,257]} 1. e4 e5 2. Nf3 d6 3. Bc4 Be7 4. O-O Nf6 5. Re1 O-O
6. c3 c6 7. Bb3 Nbd7 8. d4 Qc7 9. Nbd2 a6 10. Nf1 c5 11. a4 cxd4 12. cxd4 exd4
13. Nxd4 Nc5 14. Bc2 Re8 15. Ng3 Bf8 16. b4 Ncd7 17. Bf4 Ne5 18. Rb1 b6 19. Bg5
Ned7 20. Bb3 Bb7 21. Rc1 Qd8 22. Qd2 Rc8 23. Rcd1 Qc7 24. f3 Qc3 25. Qf4 Qxb4
26. Ngf5 Nd5 27. Qg3 1-0

[Event "Oberliga Ost B"]
[Site "?"]
[Date "2022.04.03"]
[Round "11.8"]
[White "Reichel, Norbert"]
[Black "Scheitz, Michael"]
[Result "1/2-1/2"]
[WhiteElo "2071"]
[BlackElo "2027"]
[PlyCount "28"]
[EventDate "2021.10.10"]
[EventType "team-tourn"]
[EventCountry "GER"]
[WhiteTeam "Erfurt SV Medizin"]
[BlackTeam "Wiesbadener SV"]
[WhiteTeamCountry "GER"]
[BlackTeamCountry "GER"]

1. c4 e6 2. g3 d5 3. Bg2 Nf6 4. Nf3 Be7 5. O-O O-O 6. b3 d4 7. Bb2 c5 8. b4 Nc6
9. b5 Na5 10. d3 Bd6 11. Nbd2 Re8 12. Qc2 e5 13. e3 Qc7 14. Rfe1 Bf5 1/2-1/2

[Event "Oberliga Ost B"]
[Site "?"]
[Date "2022.04.03"]
[Round "11.1"]
[White "Hoffmann, Tim"]
[Black "Konopka, Michal"]
[Result "1-0"]
[WhiteElo "2148"]
[BlackElo "2383"]
[PlyCount "91"]
[EventDate "2021.10.10"]
[EventType "team-tourn"]
[EventCountry "GER"]
[WhiteTeam "Gera ESV"]
[BlackTeam "Schoeneck SF"]
[WhiteTeamCountry "GER"]
[BlackTeamCountry "GER"]

1. e4 Nf6 2. e5 Nd5 3. d4 d6 4. Nf3 g6 5. c4 Nb6 6. Be2 Bg7 7. exd6 cxd6 8. Nc3
O-O 9. Be3 Bg4 10. b3 d5 11. c5 Nc8 12. b4 a6 13. O-O Nc6 14. Rb1 e6 15. Ne1
Bxe2 16. Nxe2 N8e7 17. f4 h5 18. Nf3 b5 19. a4 bxa4 20. Qxa4 Qc7 21. Bd2 Rfb8
22. Rb3 Nf5 23. Bc3 Rb5 24. Kf2 Qb7 25. Ne5 Bxe5 26. fxe5 a5 27. Ra1 Ra7 28.
Qa2 axb4 29. Qb1 Rxa1 30. Bxa1 Na5 31. Rh3 b3 32. Bb2 Nc4 33. Rd3 Ne7 34. g4
hxg4 35. h3 Nc6 36. hxg4 Nxb2 37. Qxb2 Na5 38. Rh3 Qe7 39. Nc3 Rb8 40. Qa1 Qg5
41. Qh1 Qf4+ 42. Ke1 Kf8 43. Rh8+ Ke7 44. Rxb8 Kd7 45. Ne2 Qe3 46. Qh8 1-0

[Event "Oberliga Ost B"]
[Site "?"]
[Date "2022.04.03"]
[Round "11.2"]
[White "Heinatz, Thomas"]
[Black "Mueller, Magnus"]
[Result "1/2-1/2"]
[WhiteElo "2307"]
[BlackElo "1975"]
[PlyCount "61"]
[EventDate "2021.10.10"]
[EventType "team-tourn"]
[EventCountry "GER"]
[WhiteTeam "Schoeneck SF"]
[BlackTeam "Gera ESV"]
[WhiteTeamCountry "GER"]
[BlackTeamCountry "GER"]

1. e4 c6 2. d4 d5 3. e5 Bf5 4. h4 h5 5. Bd3 Bxd3 6. Qxd3 Qa5+ 7. Nd2 e6 8. Ngf3
Ne7 9. O-O Nf5 10. c4 Be7 11. g3 O-O 12. b3 Rd8 13. Bb2 c5 14. dxc5 Qxc5 15.
Rfc1 Nc6 16. a3 dxc4 17. Qxc4 Qxc4 18. Rxc4 Rd3 19. Kf1 Rad8 20. Ke2 Kf8 21. b4
R3d5 22. Nb3 Rd3 23. Bc3 a6 24. Rh1 R3d5 25. Rc1 f6 26. exf6 gxf6 27. Nfd2 Nd6
28. Rc5 Nb5 29. Rxd5 Rxd5 30. Bb2 Ne5 31. Nc5 1/2-1/2

[Event "Oberliga Ost B"]
[Site "?"]
[Date "2022.04.03"]
[Round "11.3"]
[White "Schubert, Nikita"]
[Black "Nazarenus, Moritz"]
[Result "0-1"]
[WhiteElo "1922"]
[BlackElo "2232"]
[PlyCount "46"]
[EventDate "2021.10.10"]
[EventType "team-tourn"]
[EventCountry "GER"]
[WhiteTeam "Gera ESV"]
[BlackTeam "Schoeneck SF"]
[WhiteTeamCountry "GER"]
[BlackTeamCountry "GER"]

1. d4 d5 2. c4 c6 3. Nf3 Nf6 4. Qc2 g6 5. Bf4 Bg7 6. e3 O-O 7. Nc3 b6 8. Bd3
Bb7 9. h3 Na6 10. a3 c5 11. O-O cxd4 12. Nxd4 Rc8 13. b3 Nc5 14. Be2 Nfe4 15.
Nxe4 Nxe4 16. Bh2 dxc4 17. bxc4 e6 18. Rad1 Qe7 19. Qb3 Rfd8 20. Qb4 Qxb4 21.
axb4 Nc3 22. Rfe1 Nxd1 23. Rxd1 e5 0-1

[Event "Oberliga Ost B"]
[Site "?"]
[Date "2022.04.03"]
[Round "11.4"]
[White "Meyer, Kai Christian"]
[Black "Liebold, Aaron"]
[Result "1/2-1/2"]
[WhiteElo "2230"]
[BlackElo "1976"]
[PlyCount "50"]
[EventDate "2021.10.10"]
[EventType "team-tourn"]
[EventCountry "GER"]
[WhiteTeam "Schoeneck SF"]
[BlackTeam "Gera ESV"]
[WhiteTeamCountry "GER"]
[BlackTeamCountry "GER"]

1. c4 Nf6 2. Nc3 c5 3. Nf3 Nc6 4. g3 g6 5. d4 cxd4 6. Nxd4 Bg7 7. Nb3 O-O 8.
Bg2 d6 9. O-O Be6 10. Nd5 Rc8 11. Bg5 Ne5 12. Bxf6 exf6 13. Rc1 Nxc4 14. Qd4
Nb6 15. Nxb6 Qxb6 16. Qxb6 axb6 17. Bxb7 Rxc1 18. Rxc1 Rb8 19. Bg2 f5 20. Rc6
Bxb2 21. Rxd6 Be5 22. Rd2 Rc8 23. f4 Bf6 24. Kf2 Kg7 25. h4 Rc3 1/2-1/2

[Event "Oberliga Ost B"]
[Site "?"]
[Date "2022.04.03"]
[Round "11.5"]
[White "Puschendorf, Steffen"]
[Black "Kirchner, Markus"]
[Result "1-0"]
[WhiteElo "2146"]
[BlackElo "1963"]
[PlyCount "137"]
[EventDate "2021.10.10"]
[EventType "team-tourn"]
[EventCountry "GER"]
[WhiteTeam "Gera ESV"]
[BlackTeam "Schoeneck SF"]
[WhiteTeamCountry "GER"]
[BlackTeamCountry "GER"]

1. d4 f5 2. c4 Nf6 3. Nc3 g6 4. Nf3 Bg7 5. Bf4 d6 6. e3 O-O 7. c5 h6 8. Qb3+
Kh7 9. h4 Nh5 10. Bh2 c6 11. Qa3 f4 12. O-O-O d5 13. exf4 Nxf4 14. Bxf4 Rxf4
15. Bd3 Kh8 16. Bxg6 Rg4 17. Bc2 Rxg2 18. Rdg1 Rxg1+ 19. Rxg1 Qf8 20. Ne2 Bf5
21. Bxf5 Qxf5 22. Qe3 Nd7 23. Nf4 Nf8 24. Ne5 Bxe5 25. Ng6+ Kh7 26. Nxe5 Ne6
27. Re1 Nf4 28. Rg1 Ne6 29. Rg3 Qf4 30. Rg4 Qxe3+ 31. fxe3 Rg8 32. Rxg8 Kxg8
33. Kd2 Kg7 34. Ke2 Kf6 35. Kf3 Kf5 36. Ng4 h5 37. Nf2 Kf6 38. Nh3 Kf5 39. b4
a6 40. a3 Ng7 41. Ng5 Kf6 42. Kf4 Kg6 43. e4 dxe4 44. Kxe4 Kf6 45. d5 cxd5+ 46.
Kxd5 Nf5 47. Ne4+ Kf7 48. c6 bxc6+ 49. Kxc6 Nd4+ 50. Kc5 Nc2 51. a4 Kg6 52. b5
axb5 53. axb5 Ne1 54. Nf2 Nf3 55. b6 Ne5 56. Kd5 Kf5 57. b7 Nd7 58. Nd3 Nb8 59.
Ne5 Kf4 60. Nc6 Na6 61. Nxe7 Kg4 62. Kc6 Kxh4 63. Kb6 Nb8 64. Nc6 Nd7+ 65. Ka7
Kg5 66. Nd4 h4 67. Ne6+ Kf6 68. Nc5 Ne5 69. Kb6 1-0

[Event "Oberliga Ost B"]
[Site "?"]
[Date "2022.04.03"]
[Round "11.6"]
[White "Mueller, Achim"]
[Black "Glaessl, Matthias"]
[Result "1/2-1/2"]
[WhiteElo "2101"]
[BlackElo "2164"]
[PlyCount "66"]
[EventDate "2021.10.10"]
[EventType "team-tourn"]
[EventCountry "GER"]
[WhiteTeam "Schoeneck SF"]
[BlackTeam "Gera ESV"]
[WhiteTeamCountry "GER"]
[BlackTeamCountry "GER"]

1. e4 c5 2. Nf3 Nc6 3. d3 g6 4. g3 Bg7 5. Bg2 e6 6. O-O Nge7 7. Re1 d6 8. c3
O-O 9. d4 cxd4 10. cxd4 d5 11. e5 Qb6 12. Nc3 Nf5 13. Na4 Qb4 14. a3 Qe7 15.
Bf4 h6 16. h4 Bd7 17. Nc3 Rfc8 18. Qd2 Kh7 19. b4 Qd8 20. Bf1 a6 21. Rab1 Bf8
22. Rec1 b5 23. Nd1 Qb6 24. Be3 Nxe3 25. Nxe3 Ne7 26. g4 Qd8 27. Bd3 Rxc1+ 28.
Rxc1 Rc8 29. Ng2 Rxc1+ 30. Qxc1 Kg8 31. Qf4 Bg7 32. Qd2 Nc6 33. Bb1 Be8 1/2-1/2

[Event "Oberliga Ost B"]
[Site "?"]
[Date "2022.04.03"]
[Round "11.8"]
[White "Jung, Kenny"]
[Black "Helmsdorf, Marius"]
[Result "1/2-1/2"]
[WhiteElo "1480"]
[BlackElo "1616"]
[PlyCount "79"]
[EventDate "2021.10.10"]
[EventType "team-tourn"]
[EventCountry "GER"]
[WhiteTeam "Schoeneck SF"]
[BlackTeam "Gera ESV"]
[WhiteTeamCountry "GER"]
[BlackTeamCountry "GER"]

1. e4 e6 2. b3 d5 3. Bb2 dxe4 4. Qe2 Nf6 5. Nc3 Be7 6. O-O-O b6 7. g4 Bb7 8.
Bg2 O-O 9. h4 a5 10. Nxe4 Nxe4 11. Bxe4 Bxe4 12. Qxe4 Nd7 13. Nf3 Nc5 14. Qe3
a4 15. d4 Na6 16. g5 axb3 17. axb3 Qd5 18. c4 Qa5 19. Qe5 Qxe5 20. Nxe5 Nb4 21.
Nd3 Rfd8 22. Nxb4 Bxb4 23. Kc2 Ra5 24. f4 Rf5 25. Rhf1 Kf8 26. Kd3 Ra8 27. Ra1
Rxa1 28. Bxa1 Ra5 29. Bb2 Ra2 30. Rb1 Ke7 31. Ke4 g6 32. d5 Bd6 33. Bf6+ Kd7
34. Bb2 Ke7 35. Bf6+ Kd7 36. Bb2 Bc5 37. dxe6+ Kxe6 38. Kf3 Bd6 39. Re1+ Kd7
40. Re2 1/2-1/2

[Event "Oberliga Ost B"]
[Site "?"]
[Date "2022.04.03"]
[Round "11.1"]
[White "Humburg, Philipp"]
[Black "Di Capua, Francesco Stefano"]
[Result "1/2-1/2"]
[WhiteElo "2280"]
[BlackElo "1954"]
[PlyCount "134"]
[EventDate "2021.10.10"]
[EventType "team-tourn"]
[EventCountry "GER"]
[WhiteTeam "Marburg SK"]
[BlackTeam "Gernsheim SK"]
[WhiteTeamCountry "GER"]
[BlackTeamCountry "GER"]

1. Nf3 Nf6 2. c4 e6 3. Nc3 b6 4. e4 d6 5. d4 Be7 6. Bd3 Nbd7 7. e5 dxe5 8. Nxe5
Bb7 9. Qe2 O-O 10. O-O c5 11. Be3 cxd4 12. Bxd4 Nc5 13. Rad1 Qc7 14. Bc2 Rad8
15. b4 Ncd7 16. Nb5 Qc8 17. Nxa7 Qa8 18. Nxd7 Rxd7 19. Bxf6 Rxd1 20. Bxe7 Rxf1+
21. Qxf1 Qxa7 22. Qd3 g6 23. Bxf8 Kxf8 24. Qd6+ Kg7 25. Qd4+ Kg8 26. a4 Qa8 27.
f3 Qc8 28. h3 Qc7 29. Be4 Bxe4 30. fxe4 Qf4 31. Qxb6 g5 32. a5 g4 33. hxg4 Qc1+
34. Kh2 Qf4+ 35. Kh3 Qxe4 36. a6 Qd3+ 37. Kh2 Kg7 38. a7 Qe4 39. Qb8 e5 40. Qd8
Qf4+ 41. Kg1 Qe3+ 42. Kf1 Qf4+ 43. Ke1 Qe3+ 44. Kd1 Qb3+ 45. Ke2 Qxc4+ 46. Qd3
Qa2+ 47. Kf3 Qxa7 48. b5 Qa4 49. g3 e4+ 50. Qxe4 Qxb5 51. Qd4+ Kg8 52. Qd8+ Kg7
53. Qd4+ Kg8 54. Kf4 Qa5 55. g5 Qc7+ 56. Kg4 Qe7 57. Qf6 Qe2+ 58. Kh3 Qh5+ 59.
Kg2 Qe2+ 60. Kg1 Qe1+ 61. Kg2 Qe2+ 62. Kg1 Qe1+ 63. Kh2 Qe2+ 64. Kh1 Qe1+ 65.
Kh2 Qe2+ 66. Kh3 Qh5+ 67. Kg2 Qe2+ 1/2-1/2

[Event "Oberliga Ost B"]
[Site "?"]
[Date "2022.04.03"]
[Round "11.2"]
[White "Neumann, Martin"]
[Black "Rolle, Eric"]
[Result "1-0"]
[WhiteElo "2101"]
[BlackElo "2146"]
[PlyCount "131"]
[EventDate "2021.10.10"]
[EventType "team-tourn"]
[EventCountry "GER"]
[WhiteTeam "Gernsheim SK"]
[BlackTeam "Marburg SK"]
[WhiteTeamCountry "GER"]
[BlackTeamCountry "GER"]

1. d4 Nf6 2. Bg5 d5 3. Bxf6 gxf6 4. c4 c5 5. Nc3 dxc4 6. e3 Nc6 7. Nf3 cxd4 8.
exd4 Bg4 9. d5 Ne5 10. Bxc4 Nxc4 11. Qa4+ Qd7 12. Qxc4 Bxf3 13. gxf3 Rc8 14.
Qh4 b5 15. O-O-O Rc4 16. Rd4 Bh6+ 17. Kb1 Bg5 18. Qg4 Qxg4 19. Rxg4 Rxg4 20.
fxg4 a6 21. Ne4 Bf4 22. Nc5 h5 23. gxh5 Rxh5 24. Rg1 Kd8 25. Rg8+ Kc7 26. Nxa6+
Kb6 27. Nb4 Bd6 28. Nd3 Rxd5 29. Kc2 Rh5 30. Rg7 Rxh2 31. Rxf7 Kc6 32. Kc3 Kd5
33. Rf8 Ke4 34. Kd2 Rh3 35. Ne1 f5 36. Ke2 f4 37. Rf7 e5 38. Rf6 Bc5 39. b3 Rc3
40. Rf7 Bb4 41. f3+ Kd5 42. Kd1 Bd6 43. Rh7 Re3 44. Rh3 Bb4 45. Nc2 Rd3+ 46.
Kc1 Bd2+ 47. Kb2 Bc3+ 48. Kc1 Kc5 49. Na3 Kb4 50. Nc2+ Ka5 51. Na3 Bb4 52. Nc2
e4 53. Rh6 Bd2+ 54. Kb1 exf3 55. b4+ Bxb4 56. Ra6+ Kxa6 57. Nxb4+ Kb6 58. Nxd3
Kc6 59. Kc2 Kd5 60. Nxf4+ Kd4 61. Nd3 b4 62. Kd2 Ke4 63. Nxb4 f2 64. Ke2 f1=Q+
65. Kxf1 Kd4 66. Nc2+ 1-0